[Event "52nd World Juniors 2013"]
[Site "Kocaeli TUR"]
[Date "2013.09.24"]
[Round "11.5"]
[White "Nasanjargal, Urtnasan"]
[Black "Sethuraman, S.P."]
[Result "0-1"]
[WhiteTitle "FM"]
[BlackTitle "GM"]
[WhiteElo "2323"]
[BlackElo "2553"]
[WhiteFideId "4900774"]
[BlackFideId "5021596"]
[EventDate "2013.09.13"]

1. d4 Nf6 2. c4 e6 3. Nc3 Bb4 4. e3 O-O 5. Bd3 c5 6. Nf3 b6 7. O-O Bb7 8. Bd2
cxd4 9. exd4 d5 10. cxd5 Bxc3 11. bxc3 Qxd5 12. Re1 Nbd7 13. a4 Nc5 14. c4 Qd8
15. dxc5 Qxd3 16. Ne5 Qd4 17. c6 Ba6 18. Bb4 Qxd1 19. Raxd1 Rfc8 20. Rc1 Ne8 21.
Ba3 f6 22. Nd3 Rxc6 23. Nb4 Rxc4 24. Rxe6 Rxc1+ 25. Bxc1 Bc4 26. Re3 Rd8 27. h3
a5 28. Nc6 Rd1+ 29. Kh2 Rxc1 30. Rxe8+ Kf7 31. Rc8 Ke6 32. Nd4+ Ke5 33. Nb3 Rc2
34. f4+ Ke4 35. Nd2+ Rxd2 36. Rxc4+ Rd4 37. Rc6 Rb4 38. Kg3 Kf5 39. Rc7 Rxa4 40.
Rxg7 Rxf4 41. Rxh7 Rb4 42. h4 Rb3+ 43. Kh2 a4 44. Rg7 Rb5 45. Rg3 Ke6 46. Rc3
Kf7 47. g4 Ra5 48. Rc7+ Kg6 49. h5+ Kh6 50. Rc6 a3 51. Rxf6+ Kg7 52. Rg6+ Kf7
53. g5 a2 54. Rf6+ Ke7 0-1

[Event "52nd World Juniors 2013"]
[Site "Kocaeli TUR"]
[Date "2013.09.24"]
[Round "11.7"]
[White "Kovalev, Vladislav"]
[Black "Petenyi, Tamas"]
[Result "1-0"]
[WhiteTitle "IM"]
[BlackTitle "IM"]
[WhiteElo "2568"]
[BlackElo "2468"]
[WhiteFideId "13504398"]
[BlackFideId "14909090"]
[EventDate "2013.09.13"]

1. e4 e5 2. Nf3 Nc6 3. Bb5 f5 4. d3 fxe4 5. dxe4 Nf6 6. O-O Bc5 7. Qd3 Nd4 8.
Nxe5 Qe7 9. Nf3 Nxf3+ 10. Qxf3 O-O 11. Nc3 d5 12. Bg5 c6 13. Bd3 h6 14. Bxf6
Rxf6 15. Qg3 Qf7 16. e5 Rf4 17. h3 Rb4 18. a3 Rf4 19. Ne2 Rf5 20. Bxf5 Bxf5 21.
c3 Bb6 22. Nd4 Be4 23. b4 Re8 24. f3 Bh7 25. Rae1 Bc7 26. Re3 Kh8 27. Rfe1 Qe7
28. Qg4 g5 29. Qh5 Qf8 30. h4 gxh4 31. Qxh4 Bd8 32. Qh5 Re7 33. f4 Qxf4 34. Rf3
Qd2 35. Rf8+ Kg7 36. Ne6+ 1-0

[Event "52nd World Juniors 2013"]
[Site "Kocaeli TUR"]
[Date "2013.09.24"]
[Round "11.8"]
[White "Duda, Jan-Krzysztof"]
[Black "Vakhidov, Jahongir"]
[Result "1/2-1/2"]
[WhiteTitle "IM"]
[BlackTitle "IM"]
[WhiteElo "2534"]
[BlackElo "2385"]
[WhiteFideId "1170546"]
[BlackFideId "14201801"]
[EventDate "2013.09.13"]

1. d4 Nf6 2. c4 g6 3. Nc3 Bg7 4. e4 d6 5. Nf3 O-O 6. Be2 c5 7. O-O cxd4 8. Nxd4
Nc6 9. Nc2 Nd7 10. Bd2 Nc5 11. b4 Ne6 12. Rc1 b6 13. Nd5 Bb7 14. Bc3 Bxc3 15.
Nxc3 Nf4 16. Nd5 Nxe2+ 17. Qxe2 e6 18. Nc3 Qf6 19. Nb5 Rad8 20. Rcd1 d5 21. cxd5
exd5 22. exd5 Ne7 23. Nc7 Rd7 24. Ne3 h5 25. Rc1 Rc8 26. Rfd1 Qe5 27. d6 Rxd6
28. Nb5 Rxd1+ 29. Rxd1 Nd5 30. Qd3 Nxe3 31. fxe3 Qb2 32. e4 Rc2 33. Qf3 Rc1 34.
Rxc1 Qxc1+ 35. Qf1 Qe3+ 36. Qf2 Qc1+ 37. Qf1 Qd2 38. e5 Bd5 39. h3 a6 40. Nc7
Qe3+ 41. Kh1 Qxh3+ 42. Kg1 Qe3+ 43. Kh1 Qxe5 44. Nxd5 Qxd5 45. Qf6 Qe6 46. Qd4
b5 47. a3 Kh7 48. Kh2 f6 49. Qa7+ Kh6 50. Qc5 Qe5+ 51. Kg1 h4 52. Qc1+ Kh5 53.
Qd1+ Kg5 54. Qd2+ Qf4 55. Qd5+ Kh6 56. Qe6 Qd4+ 57. Kf1 g5 58. Qxa6 g4 59. Qxb5
Qd1+ 60. Kf2 g3+ 61. Ke3 h3 62. Qb8 Qb3+ 63. Ke4 Qc4+ 64. Kf3 h2 65. Qh8+ Kg6
66. Kxg3 Qc7+ 67. Kf3 Qc3+ 68. Kf2 Qd2+ 69. Kg3 Qd6+ 70. Kf2 Qf4+ 71. Ke2 Qe4+
72. Kf2 Qf4+ 73. Ke2 Kg5 74. Qg8+ Kh5 75. Qh7+ Kg5 76. Qg8+ Kf5 77. Qc8+ Kg5 78.
Qg8+ Kf5 79. Qc8+ Kg5 1/2-1/2

[Event "52nd World Juniors 2013"]
[Site "Kocaeli TUR"]
[Date "2013.09.24"]
[Round "11.9"]
[White "Fang, Yan"]
[Black "Grover, Sahaj"]
[Result "0-1"]
[BlackTitle "GM"]
[WhiteElo "2281"]
[BlackElo "2479"]
[WhiteFideId "8604746"]
[BlackFideId "5021103"]
[EventDate "2013.09.13"]

1. e4 e5 2. Nf3 Nc6 3. Bb5 Nge7 4. Nc3 d6 5. d4 a6 6. Ba4 b5 7. Bb3 Nxd4 8. Nxd4
exd4 9. Qh5 Ng6 10. Qd5 Be6 11. Qc6+ Bd7 12. Qd5 Ne5 13. f4 Be6 14. Qxd4 c5 15.
Qd1 c4 16. fxe5 dxe5 17. Be3 Bb4 18. O-O Bxc3 19. bxc3 O-O 20. Qxd8 Rfxd8 21.
Kf2 h6 22. Rfd1 Rdc8 23. Bd2 Bg4 24. Rdb1 Rc6 25. Be1 Rd8 26. Ke3 Bh5 27. h3 f6
28. a4 cxb3 29. axb5 axb5 30. Rxb3 Rc5 31. Ra7 Rd1 32. Bd2 Rf1 33. c4 Rxc4 34.
Rxb5 Rg1 35. g4 Bxg4 36. hxg4 Rxg4 37. Kf3 h5 38. Rbb7 Rxc2 39. Rd7 Rc4 40. Rac7
Ra4 41. Ra7 Rxa7 42. Rxa7 Rg1 43. Be3 Rb1 44. Bc5 Rc1 45. Bd6 Rc3+ 46. Kf2 Rc4
47. Kf3 g5 48. Rc7 g4+ 49. Kg3 Rd4 50. Bc5 Rd3+ 51. Kf2 h4 52. Be3 h3 53. Rc1
g3+ 54. Ke2 Rb3 55. Re1 h2 56. Kf3 Rxe3+ 0-1

[Event "52nd World Juniors 2013"]
[Site "Kocaeli TUR"]
[Date "2013.09.24"]
[Round "11.10"]
[White "Indjic, Aleksandar"]
[Black "Grandelius, Nils"]
[Result "1-0"]
[WhiteTitle "IM"]
[BlackTitle "GM"]
[WhiteElo "2549"]
[BlackElo "2576"]
[WhiteFideId "911925"]
[BlackFideId "1710400"]
[EventDate "2013.09.13"]

1. d4 Nf6 2. c4 e6 3. Nc3 Bb4 4. Qc2 d5 5. cxd5 exd5 6. Bg5 c5 7. e3 cxd4 8.
exd4 Nc6 9. Bb5 O-O 10. Ne2 h6 11. Bh4 Qb6 12. Bxc6 Qxc6 13. Qb3 Bxc3+ 14. Qxc3
g5 15. Bg3 Re8 16. Qxc6 bxc6 17. Kd1 Ba6 18. Re1 Re4 19. f3 Bxe2+ 20. Rxe2 Rxd4+
21. Ke1 Rb4 22. Rc1 Rc8 23. Rec2 Rb6 24. Bf2 Ra6 25. b3 Re8+ 26. Kd2 Re6 27. Kc3
Nd7 28. Kb2 Kf8 29. a4 Ne5 30. Rd1 Nd7 31. Ka3 Nb6 32. Kb4 Ke7 33. Rdd2 Nd7 34.
Ka3 Nb6 35. Bc5+ Kd8 36. Re2 Ra5 37. Rxe6 fxe6 38. Bxb6+ axb6 39. Rxc6 Kd7 40.
Rxb6 d4 41. Kb2 Re5 42. Kc2 Re2+ 43. Kd3 Rxg2 44. Kxd4 Rxh2 45. a5 Ra2 46. b4 h5
47. Kc5 Rc2+ 48. Kb5 h4 49. a6 h3 50. Rb7+ Rc7 51. Rb8 Rc8 52. a7 h2 53. Rxc8 1-0

[Event "52nd World Juniors 2013"]
[Site "Kocaeli TUR"]
[Date "2013.09.24"]
[Round "11.11"]
[White "Narayanan, Srinath"]
[Black "Bortnyk, Mykola"]
[Result "1-0"]
[WhiteTitle "IM"]
[WhiteElo "2483"]
[BlackElo "2417"]
[WhiteFideId "5018420"]
[BlackFideId "14120836"]
[EventDate "2013.09.13"]

1. e4 c6 2. d4 d5 3. e5 a6 4. Be2 c5 5. Nf3 Nc6 6. c4 cxd4 7. Nxd4 Nxe5 8. cxd5
Qxd5 9. O-O Nf6 10. Nc3 Qd8 11. Qa4+ Bd7 12. Qb3 e6 13. Qxb7 Bd6 14. Rd1 O-O 15.
Bg5 Rb8 16. Qxa6 Rb6 17. Qa5 Qb8 18. Bxf6 gxf6 19. Ne4 Be7 20. Nb3 Bc6 21. Nec5
Kh8 22. Qc3 Rg8 23. g3 Qa8 24. Nd4 Bh1 25. f3 Bxf3 26. Nxf3 Rc8 27. Nxe5 Bxc5+
28. Qxc5 Rxc5 29. Rd8+ Qxd8 30. Nxf7+ Kg7 31. Nxd8 Rc2 32. Bg4 e5 33. Bf5 Rd2
34. Ne6+ Kf7 35. b3 Rxe6 36. Bxe6+ Kxe6 37. a4 Rb2 38. a5 Rxb3 39. a6 Rb8 40. a7
Ra8 41. Kf2 Kd5 42. Ke3 Kc6 43. Ra6+ Kb5 44. Rxf6 Rxa7 45. Re6 Kc5 46. Ke4 Rd7
47. Kxe5 Rf7 48. g4 Rg7 49. h3 Rg8 50. Kf5 Rg7 51. h4 Kd5 52. Rf6 Kc5 53. g5 Kd5
54. Kg4 Rb7 55. Kh5 Rb4 56. Rf7 h6 57. g6 Ke6 58. Rf8 1-0

[Event "52nd World Juniors 2013"]
[Site "Kocaeli TUR"]
[Date "2013.09.24"]
[Round "11.12"]
[White "Ali Marandi, Cemil Can"]
[Black "Idani, Pouya"]
[Result "1-0"]
[WhiteTitle "IM"]
[BlackTitle "IM"]
[WhiteElo "2403"]
[BlackElo "2480"]
[WhiteFideId "6300529"]
[BlackFideId "12510130"]
[EventDate "2013.09.13"]

1. e4 d6 2. d4 Nf6 3. Nc3 g6 4. f4 Bg7 5. Nf3 c5 6. Bb5+ Nc6 7. d5 a6 8. Be2 Na5
9. O-O O-O 10. e5 Nd7 11. e6 fxe6 12. dxe6 Nf6 13. f5 gxf5 14. Ng5 Nc6 15. Rxf5
Nd4 16. Rf4 d5 17. Bg4 Qe8 18. Qd3 Qg6 19. Rxd4 cxd4 20. Bf5 Qh5 21. Ne2 Ne4 22.
Bxh7+ Kh8 23. Bxe4 dxe4 24. Qxe4 Rf6 25. Bd2 Qg6 26. Qh4+ Kg8 27. Nf4 Qf5 28.
Re1 b5 29. g4 Qxc2 30. Nd5 Bb7 31. Nxe7+ Kf8 32. Nf5 Qxd2 33. Nh7+ Kg8 34. Ne7+
Kh8 35. Nxf6+ Bh6 36. Ned5 Bxd5 37. Nxd5 Rg8 38. Nf6 Kg7 39. Nxg8 Be3+ 40. Kh1
Bg5 41. Qxg5+ Qxg5 42. e7 Qd5+ 43. Kg1 1-0

[Event "52nd World Juniors 2013"]
[Site "Kocaeli TUR"]
[Date "2013.09.24"]
[Round "11.13"]
[White "Pavlidis, Antonios"]
[Black "Bai, Jinshi"]
[Result "0-1"]
[WhiteTitle "IM"]
[WhiteElo "2471"]
[BlackElo "2419"]
[WhiteFideId "4212312"]
[BlackFideId "8602280"]
[EventDate "2013.09.13"]

1. e4 e5 2. Nf3 Nc6 3. Nc3 Nf6 4. Bb5 Bb4 5. O-O O-O 6. d3 d6 7. Ne2 Ne7 8. Ng3
a6 9. Ba4 Ng6 10. c3 Ba5 11. d4 b5 12. Bc2 c6 13. a4 b4 14. cxb4 Bxb4 15. Nf5 a5
16. Bd2 Rb8 17. Bc3 Qc7 18. Qd2 Bxf5 19. exf5 Nf4 20. Rae1 exd4 21. Nxd4 N4d5
22. Nb3 Rb7 23. Qd3 Rbb8 24. Qf3 Rfe8 25. Nd4 Qb6 26. Rd1 Bxc3 27. bxc3 Qc5 28.
Nb3 Qxc3 29. Qxc3 Nxc3 30. Rxd6 Re2 31. Nd4 Rd2 32. Rxc6 Nfd5 0-1

[Event "52nd World Juniors 2013"]
[Site "Kocaeli TUR"]
[Date "2013.09.24"]
[Round "11.14"]
[White "De Filomeno, Simone"]
[Black "Iermito, Sebastian"]
[Result "1-0"]
[WhiteTitle "FM"]
[BlackTitle "IM"]
[WhiteElo "2392"]
[BlackElo "2462"]
[WhiteFideId "828688"]
[BlackFideId "114286"]
[EventDate "2013.09.13"]

1. d4 Nf6 2. c4 c5 3. d5 e6 4. Nc3 exd5 5. cxd5 d6 6. e4 g6 7. f4 Bg7 8. Bb5+
Nfd7 9. a4 Qh4+ 10. g3 Qd8 11. Nf3 O-O 12. O-O Na6 13. Re1 Nb4 14. e5 dxe5 15.
fxe5 Nb6 16. Bg5 f6 17. e6 N4xd5 18. Nxd5 Nxd5 19. Bf4 Nxf4 20. e7 Qxd1 21.
exf8=Q+ Bxf8 22. Raxd1 Bg4 23. gxf4 Bxf3 24. Rd3 Bg4 25. Kf2 Kg7 26. b3 a6 27.
Bc4 Bf5 28. Rdd1 b5 29. axb5 axb5 30. Bxb5 Ra2+ 31. Kg3 Rc2 32. Bc4 Kh6 33. Rd8
Bg7 34. Rd5 Rc3+ 35. Kf2 Bg4 36. Re7 Rf3+ 37. Kg2 Rxf4 38. Kg3 g5 39. Rd8 Bf5
40. Rg8 Rg4+ 41. Kf3 Rf4+ 42. Ke3 Rh4 43. Rgxg7 Rh3+ 44. Kf2 Rxh2+ 45. Kg1 Rb2
46. Rgf7 Kg6 47. Rxh7 Be4 48. Rh8 Kf5 49. Rf8 g4 50. Re6 Kf4 51. Rfxf6+ Ke3 52.
Bd5 1-0

[Event "52nd World Juniors 2013"]
[Site "Kocaeli TUR"]
[Date "2013.09.24"]
[Round "11.15"]
[White "Wang, Yiye"]
[Black "Javakhadze, Zurab"]
[Result "1-0"]
[BlackTitle "IM"]
[WhiteElo "2258"]
[BlackElo "2457"]
[WhiteFideId "8606021"]
[BlackFideId "13603647"]
[EventDate "2013.09.13"]

1. e4 c6 2. Nc3 g6 3. d4 d5 4. h3 Bg7 5. Nf3 dxe4 6. Nxe4 Bf5 7. Ng3 Be6 8. c4
Nh6 9. Bd3 Nf5 10. Bxf5 Bxf5 11. Nxf5 Qa5+ 12. Bd2 Qxf5 13. O-O O-O 14. Re1 Bf6
15. Qb3 Qd7 16. Bg5 Bxg5 17. Nxg5 Na6 18. Rad1 Nc7 19. Qa3 Rfe8 20. Qf3 Rf8 21.
Ne4 b6 22. Qe3 Rad8 23. Qh6 f6 24. Qe3 Rfe8 25. Qa3 Kf7 26. Rd3 Ne6 27. d5 cxd5
28. cxd5 Nf4 29. Rf3 Nxd5 30. Ng5+ Kg8 31. Ne6 Rc8 32. Qd3 Qb7 33. Rg3 Kf7 34.
Qd2 Nc7 35. Qh6 Nxe6 36. Qxh7+ Kf8 37. Rxg6 1-0

[Event "52nd World Juniors 2013"]
[Site "Kocaeli TUR"]
[Date "2013.09.24"]
[Round "11.16"]
[White "Ynojosa, Felix Jose"]
[Black "Saiyn, Zhanat"]
[Result "1-0"]
[WhiteTitle "IM"]
[BlackTitle "FM"]
[WhiteElo "2439"]
[BlackElo "2337"]
[WhiteFideId "3900258"]
[BlackFideId "13703820"]
[EventDate "2013.09.13"]

1. e4 c5 2. c3 Nf6 3. e5 Nd5 4. d4 cxd4 5. cxd4 d6 6. Nf3 e6 7. Bd3 dxe5 8. Nxe5
Bb4+ 9. Nd2 Nd7 10. O-O Bxd2 11. Bxd2 O-O 12. Qh5 N7f6 13. Qd1 Nd7 14. Qh5 N7f6
15. Qh4 h6 16. Bxh6 gxh6 17. Qxh6 Qb6 18. Rae1 Qxd4 19. Re3 Qf4 20. Rg3+ Qxg3
21. fxg3 Rd8 22. Rxf6 Nxf6 23. Qg5+ 1-0

[Event "52nd World Juniors 2013"]
[Site "Kocaeli TUR"]
[Date "2013.09.24"]
[Round "11.17"]
[White "Dragomirescu, Robin-Alexandru"]
[Black "Dimitrov, Radoslav"]
[Result "0-1"]
[WhiteTitle "IM"]
[BlackTitle "IM"]
[WhiteElo "2349"]
[BlackElo "2437"]
[WhiteFideId "1213849"]
[BlackFideId "2908549"]
[EventDate "2013.09.13"]

1. e4 c6 2. d4 d5 3. Nc3 dxe4 4. Nxe4 Nd7 5. Ng5 Ngf6 6. Bd3 e6 7. N1f3 Be7 8.
Qe2 h6 9. Ne4 Nxe4 10. Qxe4 Nf6 11. Qe2 c5 12. dxc5 Bxc5 13. O-O O-O 14. c4 b6
15. Be3 Bb7 16. Rfd1 Qc7 17. h3 Rfd8 18. Rac1 Nh5 19. Bxc5 Qxc5 20. Be4 Ng3 0-1

[Event "52nd World Juniors 2013"]
[Site "Kocaeli TUR"]
[Date "2013.09.24"]
[Round "11.18"]
[White "Firat, Burak"]
[Black "Buyukasik, Diyap"]
[Result "1/2-1/2"]
[WhiteTitle "IM"]
[WhiteElo "2423"]
[BlackElo "2046"]
[WhiteFideId "6305881"]
[BlackFideId "6319602"]
[EventDate "2013.09.13"]

1. e4 c5 2. Nc3 d6 3. Nge2 Nf6 4. g3 Nc6 5. Bg2 g6 6. d4 cxd4 7. Nxd4 Nxd4 8.
Qxd4 Bg7 9. O-O O-O 10. Qb4 Qc7 11. Be3 Be6 12. Rfd1 Ng4 13. Bd4 Bxd4 14. Qxd4
Qc4 15. Qxc4 Bxc4 16. Nd5 Bxd5 17. Rxd5 b6 18. a4 Nf6 19. Rb5 Rac8 20. c3 Rc5
21. Rxc5 bxc5 22. b4 cxb4 23. cxb4 Rb8 24. b5 Nd7 25. f3 Nc5 26. Bf1 Kf8 27. a5
Ke8 28. Kf2 Kd7 29. Ke3 Kc7 30. Bc4 e6 31. Ra2 Rc8 32. Kd4 Kb8 33. Kc3 g5 34.
Kd4 Nd7 35. Be2 Nc5 36. Ra3 e5+ 37. Ke3 Ne6 38. Ra4 Rc2 39. Bc4 Rc3+ 40. Kd2
Rxf3 41. b6 Nc5 42. Rb4 Nxe4+ 43. Ke2 Ra3 44. Bxf7 Nc5 45. bxa7+ Kxa7 46. Rb6
Ne4 47. Rb4 d5 48. Bxd5 Nc3+ 49. Kd2 Nxd5 50. Re4 Ra2+ 51. Kd3 Ra3+ 52. Kd2 Rxa5
53. Rxe5 h6 54. Kd3 Nb4+ 55. Ke4 Ra2 56. h4 Nc6 57. Rd5 Ra4+ 58. Kf3 gxh4 59.
gxh4 Rxh4 60. Kg3 Rh1 61. Kg2 Rc1 62. Rh5 Rc2+ 63. Kf3 Kb6 64. Rxh6 Kc5 65. Rh5+
Kd6 66. Ke4 Rc4+ 67. Kd3 Rg4 68. Ke3 Ne5 69. Rh8 Nf7 70. Ra8 Ke6 71. Re8+ Kd5
72. Rf8 Re4+ 73. Kf2 Nd6 74. Rd8 Ke5 75. Ra8 Kf4 76. Ra3 Nf5 77. Rf3+ Kg4 78.
Ra3 Nd4 79. Ra4 Kf4 80. Ra2 Nf5 81. Ra8 Rb4 82. Ke2 1/2-1/2

[Event "52nd World Juniors 2013"]
[Site "Kocaeli TUR"]
[Date "2013.09.24"]
[Round "11.19"]
[White "Muhammad, Luthfi Ali"]
[Black "Sanal, Vahap"]
[Result "1-0"]
[WhiteTitle "CM"]
[BlackTitle "IM"]
[WhiteElo "2277"]
[BlackElo "2419"]
[WhiteFideId "7103743"]
[BlackFideId "6300545"]
[EventDate "2013.09.13"]

1. e4 c5 2. Nf3 e6 3. d4 cxd4 4. Nxd4 a6 5. Nc3 Qc7 6. Be3 Nf6 7. Qd2 b5 8. f3
Bb7 9. O-O-O b4 10. Nce2 d5 11. e5 Nfd7 12. f4 Nc5 13. Kb1 Ne4 14. Qe1 Nd7 15.
f5 Qxe5 16. fxe6 fxe6 17. Nf4 Nec5 18. g3 g5 19. Nf3 Qe4 20. Nxg5 Qxh1 21. Bxc5
O-O-O 22. Bxf8 Rhxf8 23. Ngxe6 Rde8 24. Qd2 Rf7 25. Bh3 Qe4 26. Ng5 Qe7 27. Nxf7
Qxf7 28. Qxb4 Kc7 29. a4 Nf6 30. Qc5+ Kb8 31. Qd6+ Ka8 32. Be6 Qe7 33. Qxe7 Rxe7
34. Nxd5 1-0

[Event "52nd World Juniors 2013"]
[Site "Kocaeli TUR"]
[Date "2013.09.24"]
[Round "11.20"]
[White "Akhmetov, Ayan"]
[Black "Salem, A.R. Saleh"]
[Result "0-1"]
[BlackTitle "GM"]
[WhiteElo "2382"]
[BlackElo "2570"]
[WhiteFideId "13703706"]
[BlackFideId "9301348"]
[EventDate "2013.09.13"]

1. e4 c5 2. Nf3 d6 3. d4 cxd4 4. Nxd4 Nf6 5. Nc3 g6 6. Be3 Bg7 7. f3 Nc6 8. Qd2
O-O 9. g4 Nxd4 10. Bxd4 Qa5 11. O-O-O Be6 12. a3 Rfc8 13. h4 Rab8 14. h5 b5 15.
hxg6 hxg6 16. g5 Nh5 17. Bxg7 Nxg7 18. Bh3 Rc5 19. Bxe6 fxe6 20. Rh6 b4 21. Rdh1
Nh5 22. Rxg6+ Kf7 23. Rh6 bxc3 24. Qh2 Rxg5 25. Qh3 Nf6 26. f4 Rxb2 0-1

[Event "52nd World Juniors 2013"]
[Site "Kocaeli TUR"]
[Date "2013.09.24"]
[Round "11.21"]
[White "Baglan, Esat"]
[Black "Dastan, Muhammed Batuhan"]
[Result "0-1"]
[BlackTitle "IM"]
[WhiteElo "2024"]
[BlackElo "2455"]
[WhiteFideId "6309216"]
[BlackFideId "6300014"]
[EventDate "2013.09.13"]

1. e4 e5 2. Nf3 Nc6 3. Bb5 a6 4. Ba4 d6 5. d4 Bd7 6. d5 Nb8 7. Bxd7+ Nxd7 8. c4
Ne7 9. Nc3 Ng6 10. O-O Be7 11. Qc2 h6 12. Be3 Nh4 13. Ne1 Bg5 14. g3 Bxe3 15.
fxe3 Ng6 16. Nd3 Qg5 17. Qe2 Ne7 18. Ne1 O-O 19. Nf3 Qh5 20. Qg2 f6 21. Nh4 f5
22. Qf3 Qxf3 23. Nxf3 fxe4 24. Nxe4 b5 25. b3 Rab8 26. Nfd2 bxc4 27. Rxf8+ Kxf8
28. bxc4 Nc8 29. Nb3 Rb4 30. Rc1 Ncb6 31. Ned2 Na4 32. Kf1 Nac5 33. e4 a5 34.
Rb1 Ra4 35. Nxc5 Nxc5 36. Rb2 Nd3 37. Rb7 Rxa2 38. Ke2 Nc5 39. Rxc7 Nxe4 0-1

[Event "52nd World Juniors 2013"]
[Site "Kocaeli TUR"]
[Date "2013.09.24"]
[Round "11.22"]
[White "Gaehwiler, Gabriel"]
[Black "Meribanov, Vitaly"]
[Result "1/2-1/2"]
[BlackTitle "FM"]
[WhiteElo "2287"]
[BlackElo "2433"]
[WhiteFideId "1314530"]
[BlackFideId "13504363"]
[EventDate "2013.09.13"]

1. e4 c5 2. Nf3 Nc6 3. d4 cxd4 4. Nxd4 g6 5. c4 Nf6 6. Nc3 d6 7. f3 Nxd4 8. Qxd4
Bg7 9. Be3 O-O 10. Qd2 a5 11. Rc1 a4 12. Be2 Qa5 13. O-O Be6 14. Nd5 Qxd2 15.
Bxd2 Nxd5 16. cxd5 Bd7 17. Rc7 Rfd8 18. Bc3 Rac8 19. Rxb7 Bxc3 20. bxc3 Rxc3 21.
Bd1 Kf8 22. Ra7 Be8 23. Rf2 Rb8 24. Rd2 h5 25. h4 f6 26. Bxa4 Ra3 27. Bxe8 Rxa7
28. Bxg6 Rb5 29. Bf5 Kg7 30. Kh2 Rba5 31. Rc2 Rxa2 32. Rxa2 Rxa2 33. Kg3 Ra8 34.
Kh3 Rh8 35. Kg3 Kf7 36. Be6+ Kg6 1/2-1/2

[Event "52nd World Juniors 2013"]
[Site "Kocaeli TUR"]
[Date "2013.09.24"]
[Round "11.23"]
[White "Martinez Romero, Martin"]
[Black "Ozdover, Mustafa Berkay"]
[Result "1/2-1/2"]
[WhiteTitle "IM"]
[WhiteElo "2404"]
[BlackElo "2005"]
[WhiteFideId "4404025"]
[BlackFideId "6311482"]
[EventDate "2013.09.13"]

1. c4 Nf6 2. Nc3 e5 3. g3 c6 4. Bg2 Bc5 5. e3 O-O 6. d4 exd4 7. exd4 Bb4 8. Ne2
d5 9. cxd5 Nxd5 10. O-O Bxc3 11. bxc3 Bg4 12. Bd2 Re8 13. Re1 Nd7 14. h3 Be6 15.
Qc2 N7f6 16. g4 h5 17. g5 Nh7 18. h4 Nf8 19. Ng3 Ng6 20. Re4 Qd7 21. Rae1 Nb6
22. Kh2 Bd5 23. Rxe8+ Rxe8 24. Bxd5 cxd5 25. Rxe8+ Qxe8 26. Qd1 Nc4 27. Bc1 Nxh4
28. Qxh5 Ng6 29. Qe2 Qe6 30. Be3 Nh4 31. Bf4 Ng6 32. Be3 1/2-1/2

[Event "52nd World Juniors 2013"]
[Site "Kocaeli TUR"]
[Date "2013.09.24"]
[Round "11.24"]
[White "Laurusas, Tomas"]
[Black "Benitez Lozano, Javier"]
[Result "1-0"]
[BlackTitle "CM"]
[WhiteElo "2398"]
[BlackElo "2308"]
[WhiteFideId "12803731"]
[BlackFideId "5102472"]
[EventDate "2013.09.13"]

1. d4 Nf6 2. c4 e6 3. Nc3 Bb4 4. e3 b6 5. Ne2 Bb7 6. a3 Be7 7. d5 d6 8. g3 c6 9.
dxe6 fxe6 10. Nd4 Kf7 11. Bh3 Bc8 12. Bg2 Bd7 13. f4 Re8 14. O-O Bf8 15. g4 g6
16. g5 Nh5 17. b4 a6 18. Bb2 Ra7 19. Bf3 Ng7 20. Ne4 Be7 21. Nf6 Rh8 22. Ne2 Bc8
23. Ng4 Bf8 24. Ng3 Ke8 25. Nf6+ Kf7 26. e4 h6 27. Bg4 h5 28. Bh3 h4 29. Ne2 Nd7
30. Ng4 Rh7 31. Nd4 Rc7 32. Nh6+ Ke8 33. Qg4 Qe7 34. Qg2 c5 35. Nf3 Nh5 36. Nxh4
Bxh6 37. gxh6 Rxh6 38. Nxg6 Qf7 39. f5 Ndf6 40. Qg5 Qh7 41. Bc1 Ng8 42. Qg2 Nf4
43. Bxf4 Rxh3 44. Bxd6 Rf7 45. fxe6 Bxe6 46. Nf8 Rg7 47. Nxh7 Rxg2+ 48. Kxg2
Rxh7 49. Rf8+ Kd7 50. bxc5 bxc5 51. Bxc5 Bxc4 52. Rd1+ Kc6 53. Bd4 Bb3 54. Rb1
Ba2 55. Rb2 Bf7 56. Rb6+ Kc7 57. Rxa6 Kd7 58. Ra7+ 1-0

[Event "52nd World Juniors 2013"]
[Site "Kocaeli TUR"]
[Date "2013.09.24"]
[Round "11.25"]
[White "Tomazini, Aljosa"]
[Black "Velten, Paul"]
[Result "1/2-1/2"]
[WhiteTitle "FM"]
[BlackTitle "FM"]
[WhiteElo "2251"]
[BlackElo "2427"]
[WhiteFideId "14608154"]
[BlackFideId "681091"]
[EventDate "2013.09.13"]

1. d4 d5 2. c4 dxc4 3. e3 Be6 4. Na3 Nf6 5. Nxc4 g6 6. Nf3 Bg7 7. Be2 O-O 8. O-O
c5 9. dxc5 Nfd7 10. Ng5 Nxc5 11. Nxe6 Nxe6 12. Qxd8 Rxd8 13. Bf3 Nc6 14. Bxc6
bxc6 15. Rb1 Nc5 16. Bd2 Nd3 17. Rfd1 f5 18. Kf1 Rd5 19. Ke2 Rad8 20. g3 e5 21.
Ba5 R8d7 22. Bc3 Nxf2 23. Rxd5 cxd5 24. Nxe5 Bxe5 25. Kxf2 Bxc3 26. bxc3 Kf7 27.
Ke2 Ke6 28. Kd3 Rd6 29. Rb4 Ra6 30. a4 Ke5 31. Rh4 g5 32. Rxh7 Rxa4 33. Re7+ Kf6
34. Rd7 Ke6 35. Rg7 g4 36. Rg6+ Ke5 37. Rg8 Ra2 38. Re8+ Kf6 39. Rf8+ Kg6 40.
Rg8+ Kf7 41. Rd8 Rxh2 42. Rxd5 Ke6 43. Ra5 Rg2 44. Ra6+ Ke5 45. Ra5+ Kf6 46. e4
Rxg3+ 47. Kd4 Rf3 48. exf5 g3 49. Ke4 Rf1 50. Ra6+ Kg5 51. Rxa7 Rf4+ 52. Ke3
Rxf5 53. Rg7+ Kh4 54. Rh7+ Kg4 55. Rg7+ Kh3 56. Rh7+ Kg2 57. c4 Rg5 58. Kd4 Kf2
59. Rf7+ Ke2 60. Re7+ Kd2 61. Ra7 Rg4+ 62. Kd5 Kc3 63. Ra1 g2 64. Rg1 Rg5+ 65.
Ke4 Kxc4 66. Kf3 Rg8 67. Rxg2 Rxg2 68. Kxg2 1/2-1/2

[Event "52nd World Juniors 2013"]
[Site "Kocaeli TUR"]
[Date "2013.09.24"]
[Round "11.27"]
[White "Emiroglu, Cankut"]
[Black "Kurayan, Ruslan"]
[Result "1/2-1/2"]
[WhiteTitle "CM"]
[WhiteElo "2260"]
[BlackElo "2398"]
[WhiteFideId "6306659"]
[BlackFideId "14120615"]
[EventDate "2013.09.13"]

1. e4 c5 2. Nc3 Nc6 3. Bb5 Nd4 4. Nf3 g6 5. O-O Bg7 6. Nxd4 cxd4 7. Ne2 Nf6 8.
d3 O-O 9. Ba4 d5 10. e5 Nd7 11. Nxd4 Nc5 12. Bb3 Bxe5 13. Nf3 Bg7 14. d4 Nxb3
15. axb3 Bg4 16. c3 Qb6 17. Re1 Bxf3 18. Qxf3 Qxb3 19. Rxe7 Rae8 20. Re3 Rxe3
21. fxe3 a6 22. Qe2 Re8 23. Ra3 Qb6 24. b4 Qc6 25. Bd2 b5 26. Ra1 f5 27. Qd3 Re4
28. Rf1 Bh6 29. Rf3 Qe6 30. h3 Bg5 31. g3 Bd8 32. Qf1 Bc7 33. Kg2 Kg7 34. Kf2 g5
35. Kg1 Kg6 36. Kg2 h5 37. Qh1 g4 38. hxg4 hxg4 39. Rf1 Rxe3 40. Bxe3 Qxe3 41.
Qh8 1/2-1/2